LEADER 01282nam0-2200373-#-450- 001 990002946690203316 005 20070620091604.0 010 $a92-824-3192-4 035 $a000294669 035 $aUSA01000294669 035 $a(ALEPH)000294669USA01 035 $a000294669 100 $a20070620d2006----km-y0enga50------ba 101 0 $aita 102 $aIT 105 $an|||z|||001yy 200 1 $aVersioni consolidate del Trattato sull'Unione Europea e del trattato che istituisce la Comunità europea$fUnione Europea 210 $aLussemburgo$cUfficio delle pubblicazioni ufficiali delle Comunità europee$d2006 215 $a331 p.$d25 cm 300 $aIn cop.: novembre 2006 517 $aTrattati consolidati 606 0 $aUnione europea$xOrdinamento 676 $a341.2422026 699 $a01.11$bUnione europea. Trattati 710 02$aUnione europea$0361259 801 0$aIT$bSalbc$cISBD 912 $a990002946690203316 951 $aCDE 01.11 (XLVI)$bCDE 197300$cCDE 01.11$d00149275 959 $aBK 969 $agiu 979 $aMARIAS$b90$c20070620$lUSA01$h0916 979 $aCHIARA$b90$c20101001$lUSA01$h1053 996 $aVersioni consolidate del Trattato sull'Unione Europea e del trattato che istituisce la Comunità europea$91030772 997 $aUNISA